ბათუმის შოთა რუსთაველის სახელმწიფო უნივერსიტეტის ბიბლიოთეკა

”ორის ბუღალტერია”. სახელმძღვანელო საბუღალტრო აღრიცხვის პროგრამა (ბიბ.ჩანაწერი № 34866)

000 -LEADER
fixed length control field 00892nam a2200217Ia 4500
001 - CONTROL NUMBER
control field 684
003 - CONTROL NUMBER IDENTIFIER
control field GE_BSU
008 - FIXED-LENGTH DATA ELEMENTS--GENERAL INFORMATION
fixed length control field 181216s||||||||xx |||||||||||||| ||und||
040 ## - CATALOGING SOURCE
Transcribing agency GE_BSU
080 ## - UNIVERSAL DECIMAL CLASSIFICATION NUMBER
Universal Decimal Classification number 657(075.8)
245 ## - TITLE STATEMENT
Title ”ორის ბუღალტერია”. სახელმძღვანელო საბუღალტრო აღრიცხვის პროგრამა
245 ## - TITLE STATEMENT
Remainder of title სახელმძღვანელო საბუღალტრო აღრიცხვის პროგრამა
260 ## - PUBLICATION, DISTRIBUTION, ETC.
Place of publication, distribution, etc. თბილისი
260 ## - PUBLICATION, DISTRIBUTION, ETC.
Name of publisher, distributor, etc. შპს ორისი
260 ## - PUBLICATION, DISTRIBUTION, ETC.
Date of publication, distribution, etc. 2007
300 ## - PHYSICAL DESCRIPTION
Extent 427 გვ.
653 ## - INDEX TERM--UNCONTROLLED
Uncontrolled term ბუღალტერია
653 ## - INDEX TERM--UNCONTROLLED
Uncontrolled term სახელმძღვანელო საბუღალტრო აღრიცხვის პროგრამა
942 ## - ADDED ENTRY ELEMENTS (KOHA)
Koha item type წიგნი
ეგზემპლარები
Withdrawn status Lost status Damaged status Not for loan Date acquired Barcode Date last seen Price effective from Koha item type
        2018-12-17 1518 2018-12-17 2018-12-17 წიგნი